000 00596cam a2200205 4500500
005 20260405001635.0
041 _afre
042 _adc
100 1 0 _aDagognet, François
_eauthor
245 0 0 _aExercices d’humanité
260 _c2013.
500 _a20
690 _aDialogues
690 _aEntretien
690 _aPetits Platons
690 _aSujet
690 _aVincent Descombes
786 0 _nPhilosophie magazine | 74 | 11 | 2013-11-01 | p. 52-52 | 1951-1787
856 4 1 _uhttps://shs.cairn.info/magazine-philosophie-magazine-2013-11-page-52?lang=fr&redirect-ssocas=7080
999 _c2049561
_d2049561